| 000 | 00435nam a22001817a 4500 | ||
|---|---|---|---|
| 001 | ` | ||
| 003 | NUST - PNEC | ||
| 005 | 20170116180915.0 | ||
| 008 | 150903b xxu||||| |||| 00| 0 eng d | ||
| 020 | _a- | ||
| 040 | _cLIBRARY | ||
| 082 | _a620.1064 CHO | ||
| 100 |
_97407 _aChorlton,Frank |
||
| 245 |
_aTextbook of fluid dynamics _cFrank Chorlton |
||
| 260 | _cc.1985 | ||
| 650 |
_97412 _aMechnical engineering _xME |
||
| 942 |
_2ddc _cBK |
||
| 999 |
_c65440 _d65440 |
||